Plant variation and evolution . (Record no. 7243)

MARC details
000 -LEADER
fixed length control field 01225cam a2200313 a 4500
001 - CONTROL NUMBER
control field 4472525
003 - CONTROL NUMBER IDENTIFIER
control field OSt
005 - DATE AND TIME OF LATEST TRANSACTION
control field 20210922094420.0
008 - FIXED-LENGTH DATA ELEMENTS--GENERAL INFORMATION
fixed length control field 961009s1997 nyuab b 001 0 eng
010 ## - LIBRARY OF CONGRESS CONTROL NUMBER
LC control number 96039293
020 ## - INTERNATIONAL STANDARD BOOK NUMBER
International Standard Book Number 0521452953(hb)
020 ## - INTERNATIONAL STANDARD BOOK NUMBER
International Standard Book Number 0521459184 (pbk.)
040 ## - CATALOGING SOURCE
Original cataloging agency DLC
Transcribing agency DDC
Modifying agency DLC
050 00 - LIBRARY OF CONGRESS CALL NUMBER
Classification number QK983
Item number .B73 1997
082 00 - DEWEY DECIMAL CLASSIFICATION NUMBER
Classification number 580BRI 1997
100 1# - MAIN ENTRY--PERSONAL NAME
Personal name Edited by Briggs D. ; Walters S.M;
Fuller form of name (David),
Dates associated with a name 1936-
9 (RLIN) 14331
245 10 - TITLE STATEMENT
Title Plant variation and evolution .
Statement of responsibility, etc. Edited by Briggs D. ; Walters S.M;
250 ## - EDITION STATEMENT
Edition statement 3rd ed.
260 ## - PUBLICATION, DISTRIBUTION, ETC. (IMPRINT)
Place of publication, distribution, etc. New York :
Name of publisher, distributor, etc. Cambridge University Press,
Date of publication, distribution, etc. 1997.
300 ## - PHYSICAL DESCRIPTION
Extent xxi,512p.
Other physical details ill., maps ;
Dimensions 24cm.
504 ## - BIBLIOGRAPHY, ETC. NOTE
Bibliography, etc Includes; bibliographical references (p. 438-497) and index.
650 #0 - SUBJECT ADDED ENTRY--TOPICAL TERM
Topical term or geographic name as entry element Biology
9 (RLIN) 5602
700 1# - ADDED ENTRY--PERSONAL NAME
Personal name Walters, S. M.
Dates associated with a name (Stuart Max)
9 (RLIN) 14879
856 42 - ELECTRONIC LOCATION AND ACCESS
Materials specified Publisher description
Uniform Resource Identifier <a href="http://www.loc.gov/catdir/description/cam028/96039293.html">http://www.loc.gov/catdir/description/cam028/96039293.html</a>
856 41 - ELECTRONIC LOCATION AND ACCESS
Materials specified Table of contents
Uniform Resource Identifier <a href="http://www.loc.gov/catdir/toc/cam029/96039293.html">http://www.loc.gov/catdir/toc/cam029/96039293.html</a>
906 ## - LOCAL DATA ELEMENT F, LDF (RLIN)
a 7
b cbc
c orignew
d 1
e ocip
f 19
g y-gencatlg
942 ## - ADDED ENTRY ELEMENTS (KOHA)
Source of classification or shelving scheme Dewey Decimal Classification
Koha item type Open Shelf

No items available.